<?xml version="1.0" encoding="UTF-8"?>
<record
    xmlns:xsi="http://www.w3.org/2001/XMLSchema-instance"
    xsi:schemaLocation="http://www.loc.gov/MARC21/slim http://www.loc.gov/standards/marcxml/schema/MARC21slim.xsd"
    xmlns="http://www.loc.gov/MARC21/slim">

  <leader>00871nam a2200181Ia 4500</leader>
  <controlfield tag="008">090630s9999    xx            000 0 und d</controlfield>
  <datafield tag="082" ind1=" " ind2=" ">
    <subfield code="b">14974</subfield>
  </datafield>
  <datafield tag="100" ind1=" " ind2=" ">
    <subfield code="a">&#x92A;&#x94D;&#x930;&#x93E;. &#x926;&#x939;&#x93F;&#x917;&#x93E;&#x935;&#x915;&#x930; &#x91C;. &#x917;&#x94B;.</subfield>
  </datafield>
  <datafield tag="245" ind1=" " ind2=" ">
    <subfield code="a">&#x92E;&#x941;&#x915;&#x94D;&#x924; &#x92A;&#x94D;&#x930;&#x935;&#x93E;&#x939; &#x926;&#x94D;&#x930;&#x935;&#x936;&#x93E;&#x938;&#x94D;&#x924;&#x94D;&#x930;.</subfield>
    <subfield code="c">&#x92A;&#x94D;&#x930;&#x93E;. &#x926;&#x939;&#x93F;&#x917;&#x93E;&#x935;&#x915;&#x930; &#x91C;. &#x917;&#x94B;.</subfield>
  </datafield>
  <datafield tag="260" ind1=" " ind2=" ">
    <subfield code="b">&#x92E;&#x939;&#x93E;&#x930;&#x93E;&#x937;&#x94D;&#x91F;&#x94D;&#x930; &#x935;&#x93F;&#x926;&#x94D;&#x92F;&#x93E;&#x92A;&#x940;&#x920; &#x917;&#x94D;&#x930;&#x902;&#x925;&#x928;&#x93F;&#x930;&#x94D;&#x92E;&#x93F;&#x924;&#x940; &#x92E;&#x902;&#x921;&#x933; - &#x928;&#x93E;&#x917;&#x92A;&#x942;&#x930;.</subfield>
    <subfield code="c">1983</subfield>
  </datafield>
  <datafield tag="300" ind1=" " ind2=" ">
    <subfield code="a">471</subfield>
  </datafield>
  <datafield tag="600" ind1=" " ind2=" ">
    <subfield code="a">&#x92A;&#x94D;&#x930;&#x93E;. &#x926;&#x939;&#x93F;&#x917;&#x93E;&#x935;&#x915;&#x930; &#x91C;. &#x917;&#x94B;.</subfield>
  </datafield>
  <datafield tag="630" ind1=" " ind2=" ">
    <subfield code="a">&#x92E;&#x941;&#x915;&#x94D;&#x924; &#x92A;&#x94D;&#x930;&#x935;&#x93E;&#x939; &#x926;&#x94D;&#x930;&#x935;&#x936;&#x93E;&#x938;&#x94D;&#x924;&#x94D;&#x930;.</subfield>
  </datafield>
  <datafield tag="655" ind1=" " ind2=" ">
    <subfield code="a">&#x907;&#x924;&#x930;.</subfield>
  </datafield>
  <datafield tag="700" ind1=" " ind2=" ">
    <subfield code="a">&#x92A;&#x94D;&#x930;&#x93E;. &#x926;&#x939;&#x93F;&#x917;&#x93E;&#x935;&#x915;&#x930; &#x91C;. &#x917;&#x94B;.</subfield>
  </datafield>
  <datafield tag="730" ind1=" " ind2=" ">
    <subfield code="a">&#x92E;&#x941;&#x915;&#x94D;&#x924; &#x92A;&#x94D;&#x930;&#x935;&#x93E;&#x939; &#x926;&#x94D;&#x930;&#x935;&#x936;&#x93E;&#x938;&#x94D;&#x924;&#x94D;&#x930;.</subfield>
  </datafield>
  <datafield tag="942" ind1=" " ind2=" ">
    <subfield code="c">BOOK</subfield>
  </datafield>
  <datafield tag="999" ind1=" " ind2=" ">
    <subfield code="c">266830</subfield>
    <subfield code="d">266830</subfield>
  </datafield>
  <datafield tag="952" ind1=" " ind2=" ">
    <subfield code="0">0</subfield>
    <subfield code="1">0</subfield>
    <subfield code="4">0</subfield>
    <subfield code="7">0</subfield>
    <subfield code="a">SAWASHRI</subfield>
    <subfield code="b">SAWASHRI</subfield>
    <subfield code="d">0000-00-00</subfield>
    <subfield code="g">82.00</subfield>
    <subfield code="l">0</subfield>
    <subfield code="o">14974</subfield>
    <subfield code="p">SAWASHRI-14974</subfield>
    <subfield code="r">2009-06-30 00:00:00</subfield>
    <subfield code="v">82.00</subfield>
    <subfield code="w">2009-06-30</subfield>
    <subfield code="y">BOOK</subfield>
  </datafield>
</record>
